[Event "Steinfurt Bezirksliga 0708"]
[Site "Germany"]
[Date "2008.02.23"]
[Round "6.8"]
[White "Znidar, Hans"]
[Black "Bloem, Markus"]
[Result "1/2-1/2"]
[WhiteElo "1560"]
[BlackElo "1426"]
[PlyCount "53"]
[EventDate "2007.09.22"]
[EventType "team-tourn"]
[EventRounds "9"]
[EventCountry "GER"]
[SourceTitle "EXT 2009"]
[Source "ChessBase"]
[SourceDate "2008.11.26"]
[SourceVersion "1"]
[SourceVersionDate "2008.11.26"]
[SourceQuality "1"]
[WhiteTeam "Rheine Klein Berlin II"]
[BlackTeam "Ibbenbueren II"]
[WhiteTeamCountry "GER"]
[BlackTeamCountry "GER"]

1. d4 d6 2. c4 g6 3. g3 Bg7 4. Bg2 Nf6 5. Nc3 0-0 6. Nf3 c6 7. 0-0 Qc7 8. Re1 Nbd7 9. e4 e5 10. d5 Nb6 11. Qd3 cxd5 12. cxd5 Bd7 13. Bd2 Qc4 14. Qc2 Rac8 15. Bf1 Qc7 16. Rac1 Bg4 17. Bg2 Qd8 18. Qd3 Nc4 19. b3 Nxd2 20. Qxd2 a6 21. h3 Bd7 22. Kh2 Qb6 23. Ng1 Nh5 24. Rf1 Rc7 25. Bf3 Nf6 26. Na4 Bxa4 27. Rxc7 1/2-1/2

[Event "Steinfurt Bezirksliga 0405"]
[Site "Germany"]
[Date "2004.09.25"]
[Round "1.6"]
[White "Znidar, Hans"]
[Black "Richter, Michael2222"]
[Result "1/2-1/2"]
[WhiteElo "1584"]
[BlackElo "1668"]
[PlyCount "40"]
[EventDate "2004.09.25"]
[EventType "team-tourn"]
[EventRounds "11"]
[EventCountry "GER"]
[SourceTitle "EXT 2006"]
[Source "ChessBase"]
[SourceDate "2005.11.24"]
[SourceVersion "1"]
[SourceVersionDate "2005.11.24"]
[SourceQuality "1"]
[WhiteTeam "Rheine Klein Berlin II"]
[BlackTeam "Reckenfeld"]
[WhiteTeamCountry "GER"]
[BlackTeamCountry "GER"]

1. d4 Nf6 2. c4 e6 3. Nc3 d5 4. Nf3 c6 5. a3 Be7 6. e3 0-0 7. Bd3 b6 8. 0-0 Bb7 9. cxd5 exd5 10. Bd2 Re8 11. Re1 Nbd7 12. e4 dxe4 13. Nxe4 Nxe4 14. Bxe4 Nf6 15. Bc2 Nd5 16. Bc3 Bd6 17. Qd3 g6 18. Rxe8+ Qxe8 19. Re1 Qf8 20. Bd2 Re8 1/2-1/2